[Event "Boa Vista Regional Norte-ch"]
[Site "Boa Vista"]
[Date "2024.06.01"]
[Round "5"]
[White "Gomes, Jainy R Magalhaes"]
[Black "Carneiro, Claudionor Chaves"]
[Result "1/2-1/2"]
[WhiteElo "2017"]
[BlackElo "1735"]
[PlyCount "27"]
[EventDate "2024.05.30"]
[EventType "swiss"]
[EventRounds "6"]
[EventCountry "BRA"]
[SourceTitle "CB24_2024"]
[SourceDate "2024.06.12"]
[SourceVersion "1"]
[SourceVersionDate "2024.06.12"]
[SourceQuality "1"]

1. e4 c5 2. Nf3 d6 3. d3 Nf6 4. Be2 c4 5. 0-0 Nc6 6. c3 e6 7. Nbd2 cxd3 8. Bxd3 Be7 9. Re1 a6 10. Nf1 b5 11. Qe2 Bb7 12. Bg5 Ng4 13. Bxe7 Qxe7 14. Rad1 1/2-1/2